01268nam a2200265 a 450000100100000000500170001000800410002702000180006804000250008608200200011110000570013124500820018826000620027030000210033250000640035350000760041759000280049365000280052165000330054991000370058295201240061995201180074395201240086199900170098500004230520240417100501.0131122s2013 dr 000 p spa d a9789945009125 aDO-SdBNPbspacBNPHU aRD861.44bV763c1 aVilstle Vilss, Hidoumouchtte Jouffourvc1962-96936110aCotopol :by otros poemas 2000-2007 /cHidoumouchtte Jouffourv Vilstle Vilss. aMonseñor Nouel, Bonao :bFull Color Econocopias,c2013. a128 p. ;c21 cm. aLa biblioteca posee 3 ejemplares autografiados por el autor aIncluye datos biográficos del autor en la solapa de la contracubierta aInventariado, 2019 / DG 0aPoesía dominicana966 0aLiteratura dominicana981037 aValidado. Control de calidad MFF 0010718DSaGRbGRcHDd2013-11-22iLF1l0oRD861.44 V763cp42305-30r2020-06-25te. 3w2020-06-25yLFDSZNo se presta 0010718PDaPDbPDcHDd2013-11-22iLF1l0oRD861.44 V763cp42305-10r2020-06-25w2020-06-25yLFPDZNo se presta 0010718PDaPDbPDcHDd2013-11-22iLF1l0oRD861.44 V763cp42305-20r2020-06-25te. 2w2020-06-25yLFPDZNo se presta c41794d41794